MARC details
| 000 -CABECERA |
| campo de control de longitud fija |
01387nam a2200289 a 4500 |
| 001 - NÚMERO DE CONTROL |
| campo de control |
000038417 |
| 005 - FECHA Y HORA DE LA ÚLTIMA TRANSACCIÓN |
| campo de control |
20201002031245.0 |
| 008 - DATOS DE LONGITUD FIJA--INFORMACIÓN GENERAL |
| campo de control de longitud fija |
130411s2002 dr ad 001 0 spa d |
| 040 ## - FUENTE DE LA CATALOGACIÓN |
| Centro catalogador/agencia de origen |
DO-SdBNP |
| Lengua de catalogación |
spa |
| Centro/agencia transcriptor |
BNPHU |
| 082 ## - NÚMERO DE LA CLASIFICACIÓN DECIMAL DEWEY |
| Número de clasificación |
338.16 |
| Número de documento/Ítem |
P964p |
| 110 2# - ENTRADA PRINCIPAL--NOMBRE DE ENTIDAD CORPORATIVA |
| Nombre de entidad corporativa o nombre de jurisdicción como elemento de entrada |
Programa Iberomericano de Ciencia y Tecnología para el Desarrollo (CYTED) |
| 9 (RLIN) |
64753 |
| 245 10 - MENCIÓN DE TÍTULO |
| Título |
Producción simultánea de dextrano y fructosa a partir de desechos agroindustriales en Iberoamérica : |
| Resto del título |
aspectos científicos, técnicos y económicos / |
| Mención de responsabilidad, etc. |
editora Mary Lopretti. |
| 260 ## - PUBLICACIÓN, DISTRIBUCIÓN, ETC. |
| Lugar de publicación, distribución, etc. |
Santo Domingo : |
| Nombre del editor, distribuidor, etc. |
CYTED : |
| -- |
Instituto Dominicano de Tecnología Industrial (INDOTEC), |
| Fecha de publicación, distribución, etc. |
2002. |
| 300 ## - DESCRIPCIÓN FÍSICA |
| Extensión |
303 p. : |
| Otras características físicas |
il., gráfcs. ; |
| Dimensiones |
29 cm. |
| 490 1# - MENCIÓN DE SERIE |
| Mención de serie |
CYTED. Proyecto IV |
| Designación de volumen o secuencia |
7 |
| 504 ## - NOTA DE BIBLIOGRAFÍA, ETC. |
| Nota de bibliografía, etc. |
Incluye bibliografía y notas al pie de páginas. |
| 590 ## - NOTA LOCAL (RLIN) |
| Nota local |
Inventariado,2018/DG |
| 650 #4 - PUNTO DE ACCESO ADICIONAL DE MATERIA--TÉRMINO DE MATERIA |
| Término de materia o nombre geográfico como elemento de entrada |
Industrias agropecuarias |
| Subdivisión general |
Productos derivados |
| -- |
Investigaciones |
| 9 (RLIN) |
64754 |
| 650 #4 - PUNTO DE ACCESO ADICIONAL DE MATERIA--TÉRMINO DE MATERIA |
| Término de materia o nombre geográfico como elemento de entrada |
Industria frutícola |
| Subdivisión general |
Productos derivados |
| -- |
Investigaciones |
| 9 (RLIN) |
64755 |
| 650 #4 - PUNTO DE ACCESO ADICIONAL DE MATERIA--TÉRMINO DE MATERIA |
| Término de materia o nombre geográfico como elemento de entrada |
Industria azucarera |
| Subdivisión general |
Productos derivados |
| -- |
Investigaciones |
| 9 (RLIN) |
64756 |
| 650 #4 - PUNTO DE ACCESO ADICIONAL DE MATERIA--TÉRMINO DE MATERIA |
| Término de materia o nombre geográfico como elemento de entrada |
Aprovechamiento de residuos |
| 9 (RLIN) |
34025 |
| 650 #4 - PUNTO DE ACCESO ADICIONAL DE MATERIA--TÉRMINO DE MATERIA |
| Término de materia o nombre geográfico como elemento de entrada |
Producto de residuos |
| 9 (RLIN) |
64757 |
| 651 #4 - PUNTO DE ACCESO ADICIONAL DE MATERIA--NOMBRE GEOGRÁFICO |
| Nombre geográfico |
América Latina |
| Subdivisión general |
Industrias |
| -- |
Productos Derivados |
| -- |
Investigaciones |
| 9 (RLIN) |
64758 |
| 700 1# - PUNTO DE ACCESO ADICIONAL--NOMBRE DE PERSONA |
| Nombre de persona |
Lopretti, Mary, |
| Término indicativo de función/relación |
ed. |
| 9 (RLIN) |
64759 |
| 830 #0 - PUNTO DE ACCESO ADICIONAL DE SERIE-TÍTULO UNIFORME |
| Título uniforme |
CYTED. Proyecto IV |
| Número de parte o sección de la obra |
7 |
| 9 (RLIN) |
64760 |
| 910 ## - DATOS DE OPCIÓN DEL USUARIO (OCLC) |
| Datos de opción del usuario |
Validado. Control de calidad EMS |